[Event "Hengelo U14 op"]
[Site "Hengelo"]
[Date "2005.08.11"]
[Round "6"]
[White "Brus, Derk"]
[Black "Villeval, Justin"]
[Result "1-0"]
[WhiteElo "1485"]
[BlackElo "1280"]
[PlyCount "61"]
[EventDate "2005.08.??"]
[EventType "swiss"]
[EventRounds "9"]
[EventCountry "NED"]
[SourceTitle "CBM 107 Extra"]
[Source "ChessBase"]
[SourceDate "2005.09.01"]
[SourceVersion "1"]
[SourceVersionDate "2005.09.01"]
[SourceQuality "1"]

1. e4 e5 2. f4 Nc6 3. Nf3 f6 4. Bc4 Bc5 5. c3 d6 6. d4 exd4 7. cxd4 Bb6 8. f5 Nge7 9. Nc3 Ba5 10. g4 h6 11. Rg1 Bxc3+ 12. bxc3 d5 13. Bd3 dxe4 14. Bxe4 Bd7 15. d5 Ne5 16. Nxe5 fxe5 17. d6 Nc6 18. g5 h5 19. f6 gxf6 20. g6 Be6 21. g7 Rg8 22. Qxh5+ Kd7 23. Bh7 Re8 24. Bg6 Rg8 25. Bf7 Bxf7 26. Qxf7+ Kc8 27. dxc7 Qe8 28. Qxe8+ Rxe8 29. g8Q Kxc7 30. Qf7+ Re7 31. Qxf6 1-0

[Event "Hengelo U14 op"]
[Site "Hengelo"]
[Date "2005.08.10"]
[Round "4"]
[White "Van Melkebeke, Willem"]
[Black "Villeval, Justin"]
[Result "1/2-1/2"]
[WhiteElo "1200"]
[BlackElo "1280"]
[PlyCount "75"]
[EventDate "2005.08.??"]
[EventType "swiss"]
[EventRounds "9"]
[EventCountry "NED"]
[SourceTitle "CBM 107 Extra"]
[Source "ChessBase"]
[SourceDate "2005.09.01"]
[SourceVersion "1"]
[SourceVersionDate "2005.09.01"]
[SourceQuality "1"]

1. e4 e5 2. Nf3 Nc6 3. Bc4 Bc5 4. b4 Bxb4 5. c3 Ba5 6. Qb3 Qe7 7. Ba3 d6 8. d3 Nh6 9. 0-0 Bb6 10. Bc1 Be6 11. Bxe6 Qxe6 12. Qxe6+ fxe6 13. Bxh6 gxh6 14. Nbd2 0-0-0 15. Rfe1 Rhg8 16. Nc4 Bc5 17. Rad1 Rde8 18. d4 Bb6 19. Re3 exd4 20. Nxd4 Nxd4 21. cxd4 e5 22. Nxb6+ axb6 23. dxe5 dxe5 24. Rd5 Rd8 25. Red3 c6 26. Rd6 Rxd6 27. Rxd6 Rd8 28. Rxd8+ Kxd8 29. f3 c5 30. Kf2 Kd7 31. Ke3 Ke6 32. g3 c4 33. h3 b5 34. Kd2 b4 35. h4 h5 36. f4 b6 37. f5+ Kf6 38. Kc2 1/2-1/2